| 000 | 00456 a2200157 4500 | ||
|---|---|---|---|
| 005 | 20250508125653.0 | ||
| 020 | _a76-110736 | ||
| 082 | _aLECT 651.7 AUR | ||
| 100 | _aAURNER, R. R. | ||
| 245 | _aEffective english: for Business cimmunication | ||
| 250 | _a6th Ed. | ||
| 260 |
_aChicago, _bSouth-Western Publishing Company, _c1970. |
||
| 300 |
_aviii, 680p.: ill.; figures, pictures, table _bindex, _c23cm, |
||
| 700 | _aBURTNESS, P. S. | ||
| 942 |
_2ddc _cBKS |
||
| 999 |
_c2196 _d2196 |
||